000
00302nam a22001217a 4500
008
180109b xxu||||| |||| 00| 0 eng d
041
_a
eng
080
_a
51
100
_a
36
101
_a
mat
245
_a
wilwey series in probality and mathematical statistics
_c
pollock.d.s.g
942
_2
udc
_c
BK
999
_c
39874
_d
39874